Statistics for Warhammer 40,000 character quiz

Click here to take the quiz!

General Stats

  • This quiz has been taken 16 times
  • The average score is 9 of 25

Answer Stats

HintFactionAnswer% Correct
primarch of the 19th LegionAdeptus AstartesCorvus Corax
69%
Famed Commissar of ArmageddonAstra MilitarumSebastian Yarrick
69%
Archmagos Dominus of MarsAdeptus MechanicusBelisarius Cawl
62%
Primarch of the 15th legionThousand SonsMagnus the Red
62%
Splinter of the god of warAsuryaniAvatar of Khaine
54%
The Warmaster of the Black CrusadesHeretic AstartesEzekyle Abaddon
54%
Herald of the Blood GodWorld EatersKharn the Betrayer
54%
Necron collector of artifactsNecronsTrazyn the Infinite
54%
Herald of the Plague GodDeath GuardTyphus
54%
the strongest hive tyrant of the Tyranid swarmTyranidsThe Swarmlord
46%
The Heretic SaintAdepta SororitasEphrael Stern
38%
Master of Sanctity of the Black TemplarsAdeptus AstartesMerek Grimaldus
38%
Supreme ruler of commoraghDrukhariAsdrubael Vect
31%
High Farseer of UlthweAsuryaniEldrad Ulthran
31%
Arch Sorcerer of TzeentchThousand SonsAhzek Ahriman
23%
Aeldari companion of The Heretic SaintAdepta Sororitas/ HarlequinsKyganil
23%
Favoured Companion of the Prophet of the WAAAAAGH!OrksMakari
23%
Ruler of the Necron raceNecronsSzarekh, the Silent King
23%
Captain General of the Adeptus CustodesAdeptus CustodesTrajann Valoris
23%
Lord Castellan of Cadia (as of 9th edition)Astra MilitarumUrsula Creed
23%
Phoenix lord of the fire DragonsAsuryaniFuegan
15%
Lead succubus of the Cult of StrifeDrukhariLelith Hesperax
15%
Abbess sanctorum of the Adepta SororitasAdepta SororitasMorvenn Vahl
15%
High Kahl of the Greater Thurian LeagueLeagues of VotannUthar the Destined
15%
Prophet of the WAAAAAGH!OrksGhazghkull Thraka
8%

Score Distribution

Percentile by Number Answered

Percent of People with Each Score

Your Score History

You have not taken this quiz